000 00714 a2200277 4500
001 107201
020 _a9781432936808 (lib. bdg.)
020 _a9781432936846 (set : lib. bdg.)
020 _a9781432936860 (pbk.)
041 _apor
090 _aAP SK 612 RIS
092 _a2009022287
100 _aRissman, Rebecca.
250 _a. ed.
300 _a24 p.
490 _aRissman, Rebecca. Five senses
697 _aHearing
697 _aEar
697 _aReaders (Elementary)
830 _aRissman, Rebecca. Five senses
856 _u000012/0000126f.jpg
040 _aBR-BrIDEA
_cBR-BrIDEA
245 1 0 _aHearing
_c Rebecca Rissman
260 _aChicago
_bHeinemann Library
_c2010
942 _cBK
999 _c107201
_d107201